Doa's for children = doa-doa untuk kanak-kanak / (Record no. 1064)
[ view plain ]
| 000 -LEADER | |
|---|---|
| fixed length control field | nam a22 a 4500 |
| 003 - CONTROL NUMBER IDENTIFIER | |
| control field | AKMAL |
| 005 - DATE AND TIME OF LATEST TRANSACTION | |
| control field | 20170508115938.0 |
| 008 - FIXED-LENGTH DATA ELEMENTS--GENERAL INFORMATION | |
| fixed length control field | 170508s2000 my a e| 000 0 eng d |
| 020 ## - INTERNATIONAL STANDARD BOOK NUMBER | |
| International Standard Book Number | 9830462684 (pbk.) : |
| Terms of availability | RM4.00 |
| 040 ## - CATALOGING SOURCE | |
| Original cataloging agency | AKMAL |
| Transcribing agency | AKMAL |
| 082 04 - DEWEY DECIMAL CLASSIFICATION NUMBER | |
| Classification number | 297.382 DOA |
| Edition number | 21 |
| 090 00 - LOCALLY ASSIGNED LC-TYPE CALL NUMBER (OCLC); LOCAL CALL NUMBER (RLIN) | |
| Classification number (OCLC) (R) ; Classification number, CALL (RLIN) (NR) | 297.382 |
| Local cutter number (OCLC) ; Book number/undivided call number, CALL (RLIN) | DOA |
| 100 0# - MAIN ENTRY--PERSONAL NAME | |
| Personal name | Abu Luqman Al-Hakim |
| 9 (RLIN) | 2230 |
| 245 10 - TITLE STATEMENT | |
| Title | Doa's for children = doa-doa untuk kanak-kanak / |
| Statement of responsibility, etc. | Abu Luqman Al-Hakim |
| 246 31 - VARYING FORM OF TITLE | |
| Title proper/short title | Doa untuk kanak-kanak |
| 260 ## - PUBLICATION, DISTRIBUTION, ETC. | |
| Place of publication, distribution, etc. | Kuala Lumpur : |
| Name of publisher, distributor, etc. | Darul Nu'man , |
| Date of publication, distribution, etc. | [2000] |
| 300 00 - PHYSICAL DESCRIPTION | |
| Extent | 34p. : |
| Other physical details | il. wrn. ; |
| Dimensions | 21cm. |
| 500 ## - GENERAL NOTE | |
| General note | Parallel Arabic language, English and bahasa Malaysia text |
| 500 ## - GENERAL NOTE | |
| General note | Mengandungi ayat-ayat dari Quran |
| 650 #0 - SUBJECT ADDED ENTRY--TOPICAL TERM | |
| Topical term or geographic name entry element | Islam |
| Form subdivision | Prayers and devotions |
| 9 (RLIN) | 1608 |
| 650 #0 - SUBJECT ADDED ENTRY--TOPICAL TERM | |
| Topical term or geographic name entry element | Children |
| General subdivision | Prayer-books and devotions |
| 9 (RLIN) | 2231 |
| 650 #0 - SUBJECT ADDED ENTRY--TOPICAL TERM | |
| Topical term or geographic name entry element | Children |
| General subdivision | Conduct of life |
| -- | Religious aspects |
| -- | Islam |
| 9 (RLIN) | 1974 |
| 740 02 - ADDED ENTRY--UNCONTROLLED RELATED/ANALYTICAL TITLE | |
| Uncontrolled related/analytical title | Doa-doa untuk kanak-kanak |
| 942 ## - ADDED ENTRY ELEMENTS (KOHA) | |
| Source of classification or shelving scheme | |
| Koha item type | Book |
| Withdrawn status | Lost status | Source of classification or shelving scheme | Damaged status | Not for loan | Collection code | Home library | Current library | Shelving location | Date acquired | Inventory number | Total Checkouts | Full call number | Barcode | Date last seen | Price effective from | Koha item type |
|---|---|---|---|---|---|---|---|---|---|---|---|---|---|---|---|---|
| NON-FICTION | AKMAL Melaka | AKMAL Melaka | PINJAMAN | 08.05.2017 | 200743 | 297.382 DOA | 201702131 | 08.05.2017 | 08.05.2017 | Book |
